MARC details
| 000 -CABECERA |
| campo de control de longitud fija |
01366nam a2200313 a 4500 |
| 001 - NÚMERO DE CONTROL |
| campo de control |
000027836 |
| 003 - IDENTIFICADOR DEL NÚMERO DE CONTROL |
| campo de control |
DO-SdBNP |
| 005 - FECHA Y HORA DE LA ÚLTIMA TRANSACCIÓN |
| campo de control |
20251118112109.0 |
| 008 - DATOS DE LONGITUD FIJA--INFORMACIÓN GENERAL |
| campo de control de longitud fija |
090706s2002 dr acd 000 0 spa d |
| 040 ## - FUENTE DE LA CATALOGACIÓN |
| Centro catalogador/agencia de origen |
DO-SdBNP |
| Lengua de catalogación |
spa |
| Centro/agencia transcriptor |
BNPHU |
| 082 ## - NÚMERO DE LA CLASIFICACIÓN DECIMAL DEWEY |
| Número de clasificación |
332.11 |
| Número de documento/Ítem |
B213p |
| 110 2# - ENTRADA PRINCIPAL--NOMBRE DE ENTIDAD CORPORATIVA |
| Nombre de entidad corporativa o nombre de jurisdicción como elemento de entrada |
Banco Central de la República Dominicana |
| 9 (RLIN) |
83405 |
| 245 10 - MENCIÓN DE TÍTULO |
| Título |
Plan estratégico : |
| Resto del título |
perfil año 2001 / |
| Mención de responsabilidad, etc. |
textos, Daysi Díaz Francisco, José del Castillo, Miguel Reyes Sánchez ; fotografías, Nicole Sánchez. |
| 260 ## - PUBLICACIÓN, DISTRIBUCIÓN, ETC. |
| Lugar de publicación, distribución, etc. |
Santo Domingo : |
| Nombre del editor, distribuidor, etc. |
Banco Central, |
| Fecha de publicación, distribución, etc. |
[2002]. |
| 300 ## - DESCRIPCIÓN FÍSICA |
| Extensión |
105 p. : |
| Otras características físicas |
il., retrs., tablas ; |
| Dimensiones |
29 cm. |
| 505 0# - NOTA DE CONTENIDO CON FORMATO |
| Título |
Discurso del gobernador / |
| Mención de responsabilidad |
Lic. Francisco M. Guerrero Prats -- |
| Título |
Plan estratégico del Banco Central -- |
| -- |
Junta monetaria -- |
| -- |
Misión y visión por departamentos -- |
| -- |
Informe de la economía dominicana. |
| 590 ## - NOTA LOCAL (RLIN) |
| Nota local |
Inventariado, 2018/MFF |
| 650 #0 - PUNTO DE ACCESO ADICIONAL DE MATERIA--TÉRMINO DE MATERIA |
| Término de materia o nombre geográfico como elemento de entrada |
Bancos centrales |
| 9 (RLIN) |
54908 |
| 650 #4 - PUNTO DE ACCESO ADICIONAL DE MATERIA--TÉRMINO DE MATERIA |
| Término de materia o nombre geográfico como elemento de entrada |
Planificación estratégica |
| 9 (RLIN) |
2433 |
| 650 #4 - PUNTO DE ACCESO ADICIONAL DE MATERIA--TÉRMINO DE MATERIA |
| Término de materia o nombre geográfico como elemento de entrada |
Bancos |
| Subdivisión general |
Administración |
| 9 (RLIN) |
54909 |
| 650 #4 - PUNTO DE ACCESO ADICIONAL DE MATERIA--TÉRMINO DE MATERIA |
| Término de materia o nombre geográfico como elemento de entrada |
Planificación financiera |
| 9 (RLIN) |
54910 |
| 651 #4 - PUNTO DE ACCESO ADICIONAL DE MATERIA--NOMBRE GEOGRÁFICO |
| Nombre geográfico |
República Dominicana |
| Subdivisión general |
Condiciones Económicas |
| 9 (RLIN) |
281 |
| 700 1# - PUNTO DE ACCESO ADICIONAL--NOMBRE DE PERSONA |
| Nombre de persona |
Díaz Francisco, Daysi |
| 9 (RLIN) |
54911 |
| 700 1# - PUNTO DE ACCESO ADICIONAL--NOMBRE DE PERSONA |
| Nombre de persona |
Castillo, José del Castillo |
| 9 (RLIN) |
54912 |
| 700 1# - PUNTO DE ACCESO ADICIONAL--NOMBRE DE PERSONA |
| Nombre de persona |
Reyes Sánchez, Miguel |
| 9 (RLIN) |
16027 |
| 700 1# - PUNTO DE ACCESO ADICIONAL--NOMBRE DE PERSONA |
| Nombre de persona |
Sánchez, Nicole, |
| Término indicativo de función/relación |
fotogr. |
| 9 (RLIN) |
54913 |
| 910 ## - DATOS DE OPCIÓN DEL USUARIO (OCLC) |
| Datos de opción del usuario |
Validado. Control de calidad EMS |
| 942 ## - ELEMENTOS DE PUNTO DE ACCESO ADICIONAL (KOHA) |
| Fuente del sistema de clasificación o colocación |
Dewey Decimal Classification |
| Tipo de ítem Koha |
Libro |